| 000 | 00338nam a2200133Ia 4500 | ||
|---|---|---|---|
| 008 | 230917s9999||||xx |||||||||||||| ||und|| | ||
| 040 |
_e183736 _aMAIN |
||
| 041 | _aEnglish | ||
| 082 | _a34:381:39 G89R | ||
| 100 | _aGupta, Atul Kumar | ||
| 245 | 0 | _aRestrictive trade practices and consumer's protection | |
| 300 | _a368 p. | ||
| 942 | _cTH | ||
| 999 |
_c49675 _d49675 |
||